9 claves para una gestión humana estratégica / (Registro nro. 4083)

Detalles MARC
000 -LEADER
fixed length control field 01302nam a2200289Ia 4500
003 - CONTROL NUMBER IDENTIFIER
control field OSt
005 - DATE AND TIME OF LATEST TRANSACTION
control field 20201008154029.0
008 - FIXED-LENGTH DATA ELEMENTS--GENERAL INFORMATION
fixed length control field 191128s2017 ck a gr 000 0 spa d
020 ## - INTERNATIONAL STANDARD BOOK NUMBER
International Standard Book Number 9788416624492
040 ## - CATALOGING SOURCE
Original cataloging agency CO-JMCR
Transcribing agency CO-JMCR
041 0# - LANGUAGE CODE
Language code of text/sound track or separate title spa
082 04 - DEWEY DECIMAL CLASSIFICATION NUMBER
Classification number 658.3 /
Item number P259c
Edition number 23
100 1# - MAIN ENTRY--PERSONAL NAME
Personal name Parra, Juan Manuel,
Relator term coordinador.
9 (RLIN) 11364
245 #0 - TITLE STATEMENT
Title 9 claves para una gestión humana estratégica /
Statement of responsibility, etc. Juan Manuel Parra y Charles Müller, coordinadores ; prólogo de Luis Fernando Jaramillo Carling.
250 ## - EDITION STATEMENT
Edition statement priemra edición
260 ## - PUBLICATION, DISTRIBUTION, ETC.
Place of publication, distribution, etc. Bogotá :
Name of publisher, distributor, etc. Ediciones de la U,
Date of publication, distribution, etc. 2017
300 ## - PHYSICAL DESCRIPTION
Extent 223 páginas :
Other physical details ilustraciones ;
Dimensions 24 cm.
500 ## - GENERAL NOTE
General note Incluye referencias bibliográficas
505 0# - FORMATTED CONTENTS NOTE
Formatted contents note Gestión humana y su capacidad de adaptación al negocio -- ¡yo sí vengo del negocio! El rol estratégico de gestión humana -- Las competencias del director de gestión humana -- Consistencia y alineación de los sistemas de políticas de gestión humana
650 24 - SUBJECT ADDED ENTRY--TOPICAL TERM
Topical term or geographic name entry element Administración de personal
9 (RLIN) 1610
650 24 - SUBJECT ADDED ENTRY--TOPICAL TERM
Topical term or geographic name entry element Toma de decisiones
9 (RLIN) 283
650 24 - SUBJECT ADDED ENTRY--TOPICAL TERM
Topical term or geographic name entry element Planificación estratégica
9 (RLIN) 262
650 24 - SUBJECT ADDED ENTRY--TOPICAL TERM
Topical term or geographic name entry element Selección de personal
9 (RLIN) 11365
700 1# - ADDED ENTRY--PERSONAL NAME
Personal name Müller, Charles,
Relator term coordinador
9 (RLIN) 11366
700 1# - ADDED ENTRY--PERSONAL NAME
Personal name Jaramillo Carling, Luis Fernando,
Relator term prologuista
9 (RLIN) 11367
942 ## - ADDED ENTRY ELEMENTS (KOHA)
Source of classification or shelving scheme Dewey Decimal Classification
Koha item type Books
Existencias
Withdrawn status Lost status Source of classification or shelving scheme Materials specified (bound volume or other part) Damaged status Not for loan Home library Current library Shelving location Date acquired Source of acquisition Full call number Barcode Date last seen Copy number Price effective from Koha item type
    Dewey Decimal Classification Donación--28/08/2018--     Biblioteca Pública José María del Castillo y Rada Biblioteca Pública José María del Castillo y Rada General Stacks 11/28/2019 Donación 658.3 / P259c 201808882 05/16/2024 Ej.1 11/28/2019 Books